Principles of environmental and resource economics : a guide for students and decision-makers

Αποθηκεύτηκε σε:
Λεπτομέρειες βιβλιογραφικής εγγραφής
Άλλοι συγγραφείς: Folmer, Henk 1945- (Επιμελητής έκδοσης), Gabel, H. Landis (Επιμελητής έκδοσης), Opschoor, Johannes B. (Johannes Baptist) 1944- (Επιμελητής έκδοσης)
Μορφή: Βιβλίο
Γλώσσα:English
Δημοσίευση: Aldershot : Edward Elgar, 1995
Σειρά:New horizons in environmental economics
Θέματα:
Ετικέτες: Προσθήκη ετικέτας
Δεν υπάρχουν, Καταχωρήστε ετικέτα πρώτοι!

MARC

LEADER 00000nam a2200000 i 4500
001 1/4670
008 960627s1995 eng d
020 |a 1-85898-224-3 
035 |l 10015719 
040 |a GR-MY-UA  |b gre  |e aacr 
041 0 |a eng 
082 0 |a 333.7 
245 1 0 |a Principles of environmental and resource economics :  |b a guide for students and decision-makers /  |c Edited by Hank Folme, Landis Gabel H., Opschoor Hans 
260 |a Aldershot :   |b Edward Elgar,   |c 1995 
300 |a 484 p.  |b tables, fig. 
490 1 |a New horizons in environmental economics 
504 |a Includes index. 
650 0 0 |a Environmental economics. 
650 0 0 |a Natural resources  |x Management. 
700 0 |a Folmer, Henk  |b 1945-  |4 edt 
700 1 |a Gabel, H. Landis.  |4 edt 
700 1 |a Opschoor, Johannes B.  |q (Johannes Baptist)  |d 1944-  |4 edt 
830 0 |a New horizons in environmental economics 
852 |a INST  |b LESVOS  |e 19960627  |h 333.7 PRI  |p 005100009720  |q 005100009720  |t BK  |y 0 
909 |a Λ  |b 046533 
950 |a 054/1995-10-24